书目信息 |
| 题名: |
Python基础教程
|
|
| 作者: | 王欣 , 王文兵 主编 | |
| 分册: | ||
| 出版信息: | 北京 人民邮电出版社 2018 |
|
| 页数: | 255页 | |
| 开本: | 26cm | |
| 丛书名: | ||
| 单 册: | ||
| 中图分类: | TP311.561 , TP312PY-43 | |
| 科图分类: | ||
| 主题词: | 面向对象语言,Python--软件工具--程序设计--高等学校--教材 | |
| 电子资源: | ||
| ISBN: | 978-7-115-48825-1 | |
| 000 | 01254nam0 2200301 450 | |
| 001 | 012001000539 | |
| 005 | 20191108081941.25 | |
| 010 | @a978-7-115-48825-1@dCNY49.80 | |
| 100 | @a20181114d2018 em y0chiy50 ea | |
| 101 | 0 | @achi |
| 102 | @aCN@b110000 | |
| 105 | @ay z 000yy | |
| 106 | @ar | |
| 200 | 1 | @aPython基础教程@APython ji chu jiao cheng@dPython programming@f王欣,王文兵主编@zeng |
| 205 | @a2版 | |
| 210 | @a北京@c人民邮电出版社@d2018 | |
| 215 | @a255页@d26cm | |
| 300 | @a普通高等教育软件工程“十三五”规划教材 工业和信息化普通高等教育“十三五”规划教材 | |
| 330 | @aPython是一种解释型、面向对象、动态数据类型的高级程序设计语言,是最受欢迎的程序设计语言之一。Python语言简洁,语法简单,很适合作为学习编程的入门语言。本书包括基础篇和高级篇,全面介绍Python编程的基础知识和实用技术。读者在阅读本书时可以充分了解和体验Python语言的强大功能。本书中所有程序均在Python 3.6.4环境下调试通过。 | |
| 510 | 1 | @aPython programming@zeng |
| 606 | 0 | @a面向对象语言,Python@x软件工具@x程序设计@x高等学校@j教材 |
| 610 | 0 | @aPython |
| 690 | @aTP311.561@v5 | |
| 690 | @aTP312PY-43@v5 | |
| 701 | 0 | @a王欣@Awang xin@4主编 |
| 701 | 0 | @a王文兵@Awang wen bing@4主编 |
| 801 | 0 | @aCN@b北京卓展文化@c20191020 |
| 905 | @b1196335-7@dTP311.561@e1339=2@f3 | |
| Python基础教程=Python programming/王欣,王文兵主编.-2版.-北京:人民邮电出版社,2018 |
| 255页;26cm |
| 普通高等教育软件工程“十三五”规划教材 工业和信息化普通高等教育“十三五”规划教材 |
| ISBN 978-7-115-48825-1:CNY49.80 |
| Python是一种解释型、面向对象、动态数据类型的高级程序设计语言,是最受欢迎的程序设计语言之一。Python语言简洁,语法简单,很适合作为学习编程的入门语言。本书包括基础篇和高级篇,全面介绍Python编程的基础知识和实用技术。读者在阅读本书时可以充分了解和体验Python语言的强大功能。本书中所有程序均在Python 3.6.4环境下调试通过。 |
| ● |
| 相关链接 |
|
|
|
|
正题名:Python基础教程
索取号:TP311.561/1339=2
 
预约/预借
| 序号 | 登录号 | 条形码 | 馆藏地/架位号 | 状态 | 备注 |
| 1 | 1196335 | 211963357 | 第二样本阅览室/ [索取号:TP311.561/1339=2] | 在馆 | |
| 2 | 1196336 | 211963366 | 第三借阅区/ [索取号:TP311.561/1339=2] | 在馆 | |
| 3 | 1196337 | 211963375 | 第三借阅区/ [索取号:TP311.561/1339=2] | 在馆 |